| 000 | 00779cam a22002531 4500 | ||
|---|---|---|---|
| 001 | 6060494 | ||
| 003 | ARRUPE | ||
| 005 | 20131211163137.0 | ||
| 008 | 800528s1956 enk 000 0 eng | ||
| 010 | _a 56032538 | ||
| 015 | _aGB56-3327 | ||
| 035 | _a(OCoLC)6364639 | ||
| 040 |
_aDLC _cTxAuCS _dUk _dDLC |
||
| 043 |
_afc----- _ae------ |
||
| 050 | 0 | 0 |
_aSPC GN475 _b.M8 |
| 100 | 1 |
_aMunday, J. T. _q(John Theodore) _95526 |
|
| 245 | 0 | 0 | _aWitchcraft in Central Africa and Europe. |
| 260 |
_aLondon, _bUnited Society for Christian Literature, Lutterworth Press _c[1956] |
||
| 300 |
_a100 p. _c19 cm. |
||
| 650 | 0 |
_aWitchcraft _zAfrica, Central. _95527 |
|
| 650 | 0 |
_aWitchcraft _zEurope. _95528 |
|
| 906 |
_a7 _bcbc _coclcrpl _du _encip _f19 _gy-gencatlg |
||
| 942 |
_2lcc _cREFERENCE |
||
| 999 |
_c119212 _d119212 |
||